Loading...
| Literature - Long Fiction | 0 | 2 | 0 | 0 | 20 | 89 | 100.00 | 1 | 2 | 6.80 | 15.48 |
| Mythology | 1 | 0 | 0 | 0 | 15 | 78 | 78.00 | 1 | 1 | 6.81 | 14.29 |
| Philosophy | 0 | 2 | 1 | 1 | 15 | 101 | 122.50 | 0 | 0 | 1.65 | 5.71 |
| Social Science | 1 | 0 | 1 | 0 | 10 | 44 | 44.00 | 1 | 1 | 4.63 | 6.67 |
| Fine Arts - Other | 0 | 1 | 0 | 0 | 10 | 83 | 83.00 | 1 | 1 | 2.63 | 6.67 |
| Other Academic | 0 | 1 | 0 | 0 | 10 | 113 | 113.00 | 0 | 0 | 1.81 | 2.86 |
| Religion | 0 | 1 | 0 | 0 | 10 | 132 | 132.00 | 0 | 0 | 1.43 | 5.36 |
| Fine Arts - Painting and Sculpture | 0 | 1 | 1 | 0 | 5 | 87 | 87.00 | 0 | 1 | 4.12 | 7.14 |
| Literature - Drama | 0 | 1 | 1 | 0 | 5 | 147 | 147.00 | 0 | 0 | 0.17 | 1.79 |
| Fine Arts - Classical Music | 0 | 0 | 1 | 0 | -5 | 0.00 | 0 | 0 | 0.00 | 0.00 | |
| Science - Other | 0 | 0 | 1 | 0 | -5 | 0.00 | 0 | 0 | 0.00 | 0.00 | |
| Science - Physics | 0 | 0 | 1 | 0 | -5 | 0.00 | 0 | 0 | 0.00 | 0.00 |